| 000 | 03176nam a22004457a 4500 | ||
|---|---|---|---|
| 999 |
_c6600 _d6600 |
||
| 003 | OSt | ||
| 005 | 20260409122102.0 | ||
| 008 | 190228c xxuf||p| |||| 00| 0 spa d | ||
| 040 | _cPJ | ||
| 245 | 1 | 0 |
_aRevista de derecho laboral : _blas indemnizaciones laborales - I / _cdirector Mario E. Ackerman. |
| 260 |
_aSanta Fé : _bRubinzal-Culzoni, _c2022. |
||
| 300 |
_a669 p. _c22 cm. |
||
| 310 | _asemestral | ||
| 362 | _aNo. 1 (2022) | ||
| 505 |
_tProtección ante la contingencia de desempleo o contra el despido sin justa causa - reflexiones críticas sobre el régimen de protección para el siglo xxi y las posibles causas que conspiran contra la creación de empleo / _r Miguel Ángel Maza. |
||
| 505 |
_tEmergencia ocupacional, duplicación indemnizatoria y discusiones pendientes en el derecho del trabajo argentino / _rJulieta Lobato. |
||
| 505 |
_t¿qué contiene la mochila argentina? / _r César Arese. |
||
| 505 |
_tEl dos cuarenta y cinco / _rAlejandro Sudera. |
||
| 505 |
_tReflexiones sobre las indemnizaciones ordinarias por despido (artículos 245 y 247, lct) / _rMario S. Fera y Liliana Fernández. |
||
| 505 |
_t¿es aplicable la doctrina de “vizzoti” a hipótesis extintivas distintas de las del artículo 245 de la ley de contrato de trabajo cuando la norma que las regula se remite a éste? / _rMario E. Ackerman. |
||
| 505 |
_tLa indemnización sustitutiva del preaviso en las leyes laborales / _r Silvia E. Pinto Varela. |
||
| 505 |
_tBreve repaso y apuntes sobre las indemnizaciones estatutarias / _rGuido A. Seren Novoa. |
||
| 505 |
_tIndemnizaciones en relaciones laborales bajo modalidades contractuales / _r Carlos Alberto Livellara. |
||
| 505 |
_tAnálisis crítico de la “indemnización” por muerte del trabajador dispuesta en el artículo 248 de la ley de contrato de trabajo / _rDiego Fernando Manauta. |
||
| 505 |
_tEn busca del precio perdido - la indemnización por la mora en los créditos laborales / _r José Daniel Machado. |
||
| 505 |
_tCriterios e interrogantes sobre las indemnizaciones por maternidad y matrimonio: una tutela estigmatizante / _rDenise Yael Tapiero. |
||
| 505 |
_tEl deber de observar las obligaciones frente a los organismos sindicales y de la seguridad social - el certificado de trabajo / _r Diego J. Tula. |
||
| 505 |
_tLa logomaquia en torno de la sanción establecida en el artículo 132 bis de la lct - una figura atípica, de tipicidad sobreviniente / _r Lucas Caparrós. |
||
| 505 |
_tTrabajo no registrado o con irregularidades registrales / _r Gabriel Tosto y Rosalía Pécora. |
||
| 505 |
_tDaño al interés previsional por la omisión de registrar el contrato de trabajo / _r Sebastián Coppoletta. |
||
| 505 |
_tEl articulo 2 de la ley 25.323 y la industria del juicio / _r Jorge Elías. |
||
| 650 | 0 |
_91316 _aDERECHO LABORAL |
|
| 650 | 0 |
_91382 _aINDEMNIZACION |
|
| 650 | 0 |
_91323 _aCONTRATO DE TRABAJO |
|
| 650 | 0 |
_91533 _aDESPIDO |
|
| 700 |
_91423 _aAckermann, Mario Eduardo _edirector |
||
| 856 |
_uhttps://www.rubinzal.com.ar/revistas/revista-de-derecho-laboral/5/?home=1 _yRubinzal Culzoni Editores |
||
| 942 |
_2udc _cPP _h347.1(05) _iREV |
||